000 01491nam0a2200361 4500
001 RU\NLR\BIBL_A\022721302
005 20260408234057.0
010 _a978-5-17-175096-1
_92000
035 _a(NLR Aleph) 022721302
090 _a13639605
_c13639605
100 _a20260206d2025 u y0rusy50 ca
101 1 _arus
_cchi
102 _aRU
105 _aа z 000zy
181 0 _ab2
_bab2e
181 0 _ai
_baxxe
182 0 _an
200 1 _aБестиарий китайской мифологии
_iКнига гор и морей
_eс дополненной реальностью
_e[артбук]
_fДю Хао
_g[перевод с китайского Марии Мирошкиной]
203 _aИзображение
_aТекст
_bвизуальные
_cнепосредственные
210 _aМосква
_cАСТ, Кладезь
_d2025
215 _a103 с.
_cцв. ил.
_d29
225 1 _aСерия "Артбуки. Красочные миры"
605 _a"Каталог гор и морей"
_lкитайский литературный памятник
_xОбразы
_3RU\NLR\AUTH\6601767619
_92700989
606 1 _aДемонология
_yКитай
_92218848
_3RU\NLR\AUTH\661332470
686 1 _aШ5(5Кит)3-332.4
686 1 _aЭ239(5Кит)-421.2
700 0 _aЛю Хао
702 1 _aМирошкина
_bМ.
_gМария
_4730
942 _cBOOK
980 _aNB